Danzas lúdicas para preescolar : (Registro nro. 34765)

Detalles MARC
000 -LEADER
fixed length control field 01089nam a2200301 4500
001 - CONTROL NUMBER
control field 0000017991
003 - CONTROL NUMBER IDENTIFIER
control field CO-CtgCURN
005 - DATE AND TIME OF LATEST TRANSACTION
control field 20250429224010.0
007 - PHYSICAL DESCRIPTION FIXED FIELD--GENERAL INFORMATION
fixed length control field ta
008 - FIXED-LENGTH DATA ELEMENTS--GENERAL INFORMATION
fixed length control field 160627s1998 000 0 eng d
020 ## - INTERNATIONAL STANDARD BOOK NUMBER
International Standard Book Number 9582003944
040 ## - CATALOGING SOURCE
Original cataloging agency CO-CtgCURN
Language of cataloging spa
Transcribing agency coctgcurn
082 0# - DEWEY DECIMAL CLASSIFICATION NUMBER
Classification number 372.868
Item number E18
100 1# - MAIN ENTRY--PERSONAL NAME
Personal name Escobar, Cielo Patricia.
245 10 - TITLE STATEMENT
Title Danzas lúdicas para preescolar :
Remainder of title a ritmo de nuestro folclor /
Statement of responsibility, etc. Cielo Patricia Escobar.
260 ## - PUBLICATION, DISTRIBUTION, ETC.
Place of publication, distribution, etc. Bogotá :
Name of publisher, distributor, etc. Cooperativa Editorial del Magisterio,
Date of publication, distribution, etc. 1998.
300 ## - PHYSICAL DESCRIPTION
Extent 167 p.
336 ## - CONTENT TYPE
Source rdacontent
337 ## - MEDIA TYPE
Source rdamedia
Media type term sin mediacion
Media type code n
338 ## - CARRIER TYPE
Source rdacarrier
Carrier type term volumen
Carrier type code nc
490 1# - SERIES STATEMENT
Series statement Colección Aula Alegre
504 ## - BIBLIOGRAPHY, ETC. NOTE
Bibliography, etc. note Bibliografia (p. 165-166)
505 8# - FORMATTED CONTENTS NOTE
Formatted contents note Reseña historica del preescolar en Colombia.--A ritmo de nuestro folclor.--Aspectos pedagogicos y didacticos de la enseñanza.--A danzar
650 14 - SUBJECT ADDED ENTRY--TOPICAL TERM
Topical term or geographic name entry element Educación preescolar
General subdivision Antecedentes
Geographic subdivision Colombia.
908 ## - PUT COMMAND PARAMETER (RLIN)
Put command parameter 160627
942 ## - ADDED ENTRY ELEMENTS (KOHA)
Koha item type Libros
Classification part 372.868
Item part E18
Source of classification or shelving scheme Dewey Decimal Classification
Existencias
Withdrawn status Lost status Source of classification or shelving scheme Damaged status Not for loan Collection Home library Current library Shelving location Date acquired Inventory number Total checkouts Full call number Barcode Date last seen Date last checked out Price effective from Koha item type Public note
    Dewey Decimal Classification     General Miguel Henríquez Castañeda Miguel Henríquez Castañeda General 04/29/2025 006850 1 372.868 E18 006850 05/21/2025 05/21/2025 04/29/2025 Libros 370-EDUCAC